| 000 | 00451pab a2200181 454500 | ||
|---|---|---|---|
| 008 | 180718b2007 xxu||||| |||| 00| 0 eng d | ||
| 100 | _aPonappa, Shyam | ||
| 245 | _aInflation vs growth: ways to maximize growth and manage capital inflows | ||
| 260 | _c2007 | ||
| 300 | _ap.5-7. | ||
| 362 | _aOct | ||
| 650 | _aInflation | ||
| 650 | _aEconomic growth | ||
| 700 | _aRaghavan, TCA Srinivasa | ||
| 773 | _aYojana | ||
| 908 | _aN | ||
| 909 | _a76244 | ||
| 999 |
_c76244 _d76244 |
||